Communes de Bourgogne-Franche-Comté par initiale - Statistiques

Statistiques générales
  • Ce quiz a été pris 45 fois
  • Le résultat moyen est 6 sur 21
Statistiques - réponses
Indice 1 Indice 2 Commune % Correct
B Héritière d'un riche patrimoine historique et architectural, siège de nombre de maisons de négoce, Beaune peut être considérée comme la capitale des vins de Bourgogne. Beaune
100%
N Chef-lieu de département et cinquième plus grande ville de Bourgogne Nevers
81%
O Ornans est un centre culturel et touristique situé au cœur du premier plateau du massif du Jura, dans la vallée de la Loue. Un célèbre peintre en était originaire. Ornans
59%
M La ville s'étend sur la rive occidentale de la Saône, entre la Bresse à l'est et les monts du Beaujolais au sud. La commune est la ville la plus méridionale de la région Bourgogne-Franche-Comté, Mâcon
57%
E Commune française située dans le département de la Côte-d'Or en région Bourgogne-Franche-Comté. Elle a donné son nom à un fromage. Sur le territoire de la commune se trouve également un château classé monument historique Epoisses
54%
C Bâtie sur les bords de Saône il y a plus de 2 000 ans, après avoir été base navale dans l'Antiquité, lieu de grandes foires pendant le Moyen Âge et centre de négoce des temps modernes et à l'époque contemporaine, la ville est aujourd'hui sous-préfecture Chalon-sur-Saône
46%
T La commune, située entre Lyon et Dijon sur l'autoroute du Soleil, compte un grand nombre de monuments historiques, dont l'abbaye Saint-Philibert, ancien monastère bénédictin et l'Hôtel-Dieu, un ancien hôpital, construit au XVIIe siècle qui héberge le musée Greuze, consacré au peintre et dessinateur français, Jean-Baptiste Greuze Tournus
43%
G Ce village touristique et viticole, situé sur la route des Grands Crus le long de la côte de Nuits jouit d'une réputation mondiale de prestige grâce à ses vins de Bourgogne de grand cru dont le plus célèbre est le chambertin. Gevrey-Chambertin
41%
A Fondée par les Romains comme Augustodunum, sœur et émule de Rome3 au début du règne de l'empereur Auguste, capitale gallo-romaine des Éduens en remplacement de Bibracte, évêché dès l'Antiquité Autun
35%
C Considérée comme la capitale du Morvan1, elle est bâtie sur les flancs d'une colline culminant à 609 m. Compte tenu de sa situation stratégique, son histoire est chargée depuis les époques gauloise et gallo-romaine. A été le lieu d'élection d'un futur président. Château-Chinon
35%
O Le territoire de la commune ne constitue pas un domaine connexe, mais est divisé en deux parties distantes, le village étant implanté sur celle de l'ouest. Son nom est homonyme d'une infection de l'oeil Orgelet
30%
F La commune a été reçue membre, pour son vieux bourg, de l'association des Plus Beaux Villages de France, et le label officiel de « Site remarquable du goût » lui a été décerné en tant que lieu exclusif de fabrication de ses anis Flavigny-sur-Ozerain
16%
H La commune doit son nom à sa position géographique : elle domine en effet toute l'agglomération dijonnaise Hauteville-lès-Dijon
16%
G Situé non loin des limites occidentales du département de Saône-et-Loire, dans l'ancienne région de Bourgogne, au centre du massif montagneux du Morvan et en plein cœur du Parc naturel régional du Morvan, le petit village abrite sur son territoire une partie du site archéologique de la cité antique de Bibracte Glux-en-Glenne
8%
U Perchée sur le petit massif granitique du même nom, qui se rattache au Morvan, tout au sud du parc naturel régional du Morvan. Uchon
8%
N Bourg médiéval préservé, le village fait partie des « plus beaux villages de France ». Noyers
5%
O La commune se situe à l'est du département de la Nièvre, dans le massif du Morvan, et fait partie de son parc naturel régional. L'altitude minimale est de 324 m au niveau de l'embouchure du ruisseau de l'Oussière dans le lac de Pannecière. Ouroux-en-Morvan
3%
R Située à la limite de l'Auvergne-Rhône-Alpes et de la Bourgogne-Franche-Comté, la commune fait partie du Beaujolais et du vignoble du Mâconnais. On y produit du vin. Romanèche-Thorins
3%
E Située à l'extrême nord du département de la Nièvre et contigüe au département de l'Yonne, la commune est à 25 km (à vol d'oiseau) de la rive droite de la Loire - et du département du Cher qui commence à la Loire Entrains-sur-Nohain
0%
E commune française située dans le département du Jura en région Bourgogne-Franche-Comté.dominée par le mont Rivel à 812 m d'altitude. Équevillon
0%
R Le village est situé à environ 22 kilomètres de Vesoul, le chef-lieu de Haute-Saône près de la D 3 et de la D 59. Il a été implanté en bord de Saône, au pied de trois élévations, c'est pourquoi on le nomme parfois le village aux trois collines. Rupt-sur-Saône
0%
Aucun quiz correspondant
Distribution des résultats
% des personnes avec chaque résultat
Percentile par nombre de réponses
Votre historique - résultats
Vous n’avez pas pris ce quiz